000
00300nam a22001217a 4500
008
200130b ||||| |||| 00| 0 eng d
020
_a
9789352604555
082
_a
005.133 RAR
100
_a
RAKSHIT,Sandip
245
_a
R for Beginners
250
_a
Page-403
260
_a
Chennai
_b
Tata McGrawHill
_c
2017
999
_c
8441
_d
8441